000 00621nam a2200229Ia 4500
003 OSt
005 20220928112546.0
006 a|||||r|||| 00| 0
007 ta
008 220927b |||||||| |||| 00| 0 eng d
024 _a52593
037 _cTextual
040 _aSDCL
_cSDCL
_beng
041 _2eng
_aeng
082 _aV42'K, M2
100 _aHakuseki Arai
_9428755
245 0 _aLessons from History
_b The Tokushi Yoron
260 _aLondon
_bUniversity of Queensland Press
_c1982
300 _aliv,417p
_ccm.
942 _hV42'K, M2
_cTEXL
_2CC
999 _c745277
_d745277